MLB World Series Wins by Team - Statistics

General Stats
  • This quiz has been taken 109 times
    35 since last reset
  • The average score is 18 of 25
Answer Stats
Years the Team Won Team % Correct
1955, 1959, 1963, 1965, 1981, 1988, 2020, 2024, 2025 Dodgers
97%
2023 Rangers
91%
2017, 2022 Astros
84%
1903, 1912, 1915, 1916, 1918, 2004, 2007, 2013, 2018 Red Sox/Americans
84%
1923, 1927, 1928, 1932, 1936, 1937, 1938, 1939, 1941, 1943, 1947,1949, 1950, 1951, 1952, 1953, 1956, 1958, 1961, 1962, 1977, 1978, 1996, 1998, 1999, 2000, 2009 Yankees
84%
1926, 1931, 1934, 1942, 1944, 1946, 1964, 1967, 1982, 2006, 2011 Cardinals
75%
1906, 1917, 2005 White Sox
75%
1914, 1957, 1995, 2021 Braves
72%
1907, 1908, 2016 Cubs
72%
1905, 1921, 1922, 1933, 1954, 2010, 2012, 2014 Giants
72%
2019 Nationals
72%
1992, 1993 Blue Jays
69%
1997, 2003 Marlins
69%
1980, 2008 Phillies
69%
1985, 2015 Royals
69%
1910, 1911, 1913, 1929, 1930, 1972, 1973, 1974, 1989 Athletics
66%
2001 Diamond-Backs
66%
1920, 1948 Indians
66%
2002 Angels
63%
1969, 1986 Mets
63%
1909, 1925, 1960, 1971, 1979 Pirates
63%
1919, 1940, 1975, 1976, 1990 Reds
63%
1924, 1987, 1991 Senators/Twins
63%
1935, 1945, 1968, 1984 Tigers
59%
1966, 1970, 1983 Orioles
56%
No matching quizzes found
Score Distribution
Percent of People with Each Score
Percentile by Number Answered
Your Score History
You have not taken this quiz since the last reset